000 01015nam a22003970a 4500
001 UByD001377
003 AR-LpoUNG
005 20230422095720.0
008 230420s2020||||ag |||||||||||||||||spa d
020 _a9789873877162
040 _aAR-LpoUNG
_bspa
_cAR-LpoUNG
_eaacr
041 _aspa
044 _aag
082 0 _a982.05 117ant
100 1 _aCabrera, Carlos Alberto
245 1 0 _aAntígona civilización y barbarie
250 _a1ra. ed.
260 _aLos Polvorines :
_bLoquevendrá,
_c2020.
300 _a154 p. :
_bfot.
650 4 _aARGENTINA
650 4 _aHISTORIA POLITICA
650 4 _aHISTORIA SOCIAL
650 4 _aHISTORIA CULTURAL
650 4 _aCULTURA
650 4 _aPARTICIPACION POLITICA
650 4 _aPARTICIPACION SOCIAL
650 4 _aPOLITICOS
650 4 _aESTADO
650 4 _aSISTEMA POLITICO
650 4 _aIDENTIDAD CULTURAL
650 4 _aIDENTIDAD NACIONAL
650 4 _aENSAYO
653 4 _aAUTORES LOCALES
905 _a34358
942 _cLIB
_2ddc
999 _c63934
_d63934